| 000 | 00724nam a2200253Ia 4500 | ||
|---|---|---|---|
| 003 | OSt | ||
| 005 | 20221005055849.0 | ||
| 006 | a|||||r|||| 00| 0 | ||
| 007 | ta | ||
| 008 | 221004b |||||||| |||| 00| 0 eng d | ||
| 020 |
_a0718147200 (hbk) _c999 |
||
| 024 | _a102323 | ||
| 037 |
_b256, 08/03/2010, University Book House _cTextual |
||
| 040 |
_aCRL _cCRL _beng |
||
| 041 |
_2eng _aeng |
||
| 082 | _aV3y7N61, P3 | ||
| 100 |
_aBurrell Paual _9599164 |
||
| 245 | 0 | _aRoyal dtuty | |
| 260 |
_aLondon _bPenguin Books UK _c2003 |
||
| 300 |
_axvii,396p. _ccm. |
||
| 650 | _aHISTORY | ||
| 942 |
_hV3y7N61, P3 _cTEXL _2cc |
||
| 999 |
_c965822 _d965822 |
||